Teatros y Política
Guardado en:
| Hovedforfatter: | |
|---|---|
| Format: | Bog |
| Sprog: | Undetermined |
| Udgivet: |
Buenos Aires, Argentina
Ediciones de la Flor
1969
|
| Fag: | |
| Tags: |
Tilføj Tag
Ingen Tags, Vær først til at tagge denne postø!
|
MARC
| LEADER | 00000nam a2200000Ia 4500 | ||
|---|---|---|---|
| 008 | 170316s9999 xx 000 0 und d | ||
| 090 | |a 792 C-7t | ||
| 100 | |a Copferman, Emile | ||
| 245 | |a Teatros y Política | ||
| 260 | |a Buenos Aires, Argentina | ||
| 260 | |b Ediciones de la Flor | ||
| 260 | |c 1969 | ||
| 300 | |a 195 páginas | ||
| 650 | |a TEATRO | ||
| 999 | |c 19726 |d 19726 | ||
| 040 | |a cru BVZT | ||
| 942 | |c 15 D |h 792 C-7t |2 z | ||
